header

Our ladies of the tenderloin (Record no. 87942)

MARC details
000 -LEADER
fixed length control field 01307nam a2200337Ia 4500
082 04 - DEWEY DECIMAL CLASSIFICATION NUMBER
Classification number 306.74/2/0978809034
100 1# - MAIN ENTRY--AUTHOR NAME
Personal name Wommack, Linda,
245 10 - TITLE STATEMENT
Title Our ladies of the tenderloin
260 ## - PUBLICATION, DISTRIBUTION, ETC. (IMPRINT)
Place of publication Caldwell, Idaho :
Name of publisher Caxton Press,
Year of publication 2005.
300 ## - PHYSICAL DESCRIPTION
Number of Pages xv, 174 p. :
Other physical details ill.
650 #0 - SUBJECT ADDED ENTRY--TOPICAL TERM
Topical Term Prostitution
Topical Term Frontier and pioneer life
856 40 - ELECTRONIC LOCATION AND ACCESS
Uniform Resource Identifier http://site.ebrary.com/lib/rucke/Doc?id=10576329

No items available.

© 2026 Rongo University
Contact us: librarian | system librarian | Rongo university